[Event "Obro Nytaar 2017"]
[Site "Copenhagen"]
[Date "2017.12.29"]
[Round "5.10"]
[White "Thybo, Thomas Sondergaard"]
[Black "Akdag, Dara Sevkan"]
[Result "0-1"]
[WhiteElo "2088"]
[BlackElo "2228"]
[PlyCount "84"]
[EventDate "2017.12.27"]
[EventType "swiss"]
[EventRounds "7"]
[EventCountry "DEN"]

1. e4 c5 2. Nf3 e6 3. d4 cxd4 4. Nxd4 Nc6 5. Nc3 Qc7 6. Be3 a6 7. Be2 Bb4 8.
O-O Nf6 9. Na4 Be7 10. Nxc6 bxc6 11. Nb6 Rb8 12. Nxc8 Qxc8 13. Bd4 c5 14. Be5
Rb6 15. c4 d6 16. Qa4+ Rc6 17. Bc3 O-O 18. f4 Nxe4 19. Bf3 f5 20. Bxe4 fxe4 21.
Rad1 Rc7 22. Qc2 Qb7 23. Qd2 Rd7 24. g4 d5 25. Be5 Bf6 26. cxd5 exd5 27. Qc3
Qb6 28. Rfe1 Qe6 29. Bxf6 Rxf6 30. f5 Qe7 31. Rc1 Rb6 32. Re2 Rb5 33. Rd1 Rb4
34. a3 Rc4 35. Qb3 Rb7 36. Qa2 Qe5 37. Red2 e3 38. Rxd5 Rxg4+ 39. Kf1 e2+ 40.
Ke1 exd1=Q+ 41. Kxd1 Rg1+ 42. Kc2 Rxb2+ 0-1

[Event "Obro Nytaar 2017"]
[Site "Copenhagen"]
[Date "2017.12.30"]
[Round "7.1"]
[White "Hector, Jonny"]
[Black "Johansson, Thomas"]
[Result "1-0"]
[WhiteElo "2493"]
[BlackElo "2160"]
[PlyCount "63"]
[EventDate "2017.12.27"]
[EventType "swiss"]
[EventRounds "7"]
[EventCountry "DEN"]

1. e4 d6 2. d4 Nf6 3. Nc3 e5 4. Nf3 Nbd7 5. Bc4 Be7 6. O-O O-O 7. Re1 c6 8. a4
a5 9. Ba2 h6 10. h3 Nh7 11. Be3 Ng5 12. Nxg5 Bxg5 13. Qd2 Qe7 14. f4 exf4 15.
Bxf4 Bxf4 16. Qxf4 Qf6 17. Qe3 Qg6 18. Rf1 Nf6 19. Rf3 Be6 20. Raf1 Nh7 21. Rg3
Qh5 22. d5 Bd7 23. dxc6 bxc6 24. Qd4 Qe5 25. Rd3 Qxd4+ 26. Rxd4 d5 27. exd5
cxd5 28. Bxd5 Ra7 29. Nb5 Bxb5 30. axb5 Rb8 31. Bc6 Nf6 32. Rfd1 1-0

[Event "Obro Nytaar 2017"]
[Site "Copenhagen"]
[Date "2017.12.30"]
[Round "7.2"]
[White "Aabling Thomsen, Jakob"]
[Black "Antonsen, Mikkel"]
[Result "1/2-1/2"]
[WhiteElo "2359"]
[BlackElo "2450"]
[PlyCount "140"]
[EventDate "2017.12.27"]
[EventType "swiss"]
[EventRounds "7"]
[EventCountry "DEN"]

1. Nf3 d5 2. g3 c6 3. Bg2 Bg4 4. O-O Nd7 5. h3 Bh5 6. d3 Ngf6 7. Qe1 e5 8. e4
Bd6 9. Nh4 O-O 10. Nc3 dxe4 11. dxe4 Re8 12. Be3 Qc7 13. Nf5 Bf8 14. g4 Bg6 15.
Ne2 Nc5 16. Neg3 Ne6 17. g5 Nh5 18. Nxh5 Bxh5 19. Ng3 Bg6 20. h4 Nf4 21. Qd1 h6
22. gxh6 gxh6 23. h5 Bh7 24. Qg4+ Kh8 25. Rfd1 Bd6 26. Rd2 Rg8 27. Qf3 Bb4 28.
c3 Be7 29. Rad1 Rad8 30. Kh2 Bg5 31. Bh3 Rxd2 32. Rxd2 Rd8 33. Qd1 Rxd2 34.
Qxd2 Qd8 35. Qxd8+ Bxd8 36. b4 Nd3 37. Bc8 b6 38. Bd7 Bg5 39. Bxc6 Bxe3 40.
fxe3 a5 41. a3 Kg7 42. Kg1 Nb2 43. Bb5 Kf6 44. Be2 Ke7 45. Kf2 Na4 46. c4 axb4
47. axb4 Kd6 48. Kf3 Nc3 49. Bd3 Na2 50. c5+ bxc5 51. bxc5+ Kxc5 52. Nh1 Nb4
53. Bf1 Kd6 54. Nf2 f5 55. exf5 Bxf5 56. Bh3 Bxh3 57. Nxh3 Nd5 58. Nf2 Nf6 59.
Ng4 e4+ 60. Kf4 Nxg4 61. Kxg4 Ke5 62. Kg3 Kf5 63. Kh4 Kf6 64. Kg4 Ke5 65. Kg3
Kf5 66. Kh4 Kf6 67. Kg4 Ke5 68. Kg3 Kf5 69. Kh4 Kf6 70. Kg4 Ke5 1/2-1/2

[Event "Obro Nytaar 2017"]
[Site "Copenhagen"]
[Date "2017.12.30"]
[Round "7.4"]
[White "Hansen, Mads"]
[Black "Moe, Mogens"]
[Result "1/2-1/2"]
[WhiteElo "2391"]
[BlackElo "2227"]
[PlyCount "104"]
[EventDate "2017.12.27"]
[EventType "swiss"]
[EventRounds "7"]
[EventCountry "DEN"]

1. e4 c5 2. Nf3 e6 3. Qe2 Nc6 4. g3 Nge7 5. Bg2 d5 6. exd5 Nxd5 7. O-O Be7 8.
Rd1 Bf6 9. Nc3 O-O 10. Ne4 Nd4 11. Nxd4 cxd4 12. c4 Nb4 13. d3 Be7 14. a3 Nc6
15. b4 f5 16. Nd2 Bd6 17. Nf3 Qf6 18. Re1 f4 19. Nd2 Bc7 20. Ne4 Qf5 21. Bxf4
Bxf4 22. gxf4 Qxf4 23. Qd2 Qc7 24. c5 Ne7 25. Qg5 Nf5 26. Re2 Bd7 27. Rae1 Rae8
28. Ng3 h6 29. Qh5 Kh7 30. Re5 g6 31. Qg4 Rg8 32. Qf4 Qc8 33. Kf1 Bb5 34. Be4
Rgf8 35. Bxf5 gxf5 36. Rd1 Qd7 37. Ne2 Rd8 38. f3 Rf6 39. Kf2 Rg6 40. h4 a6 41.
Qh2 Qc7 42. Qf4 Qd7 43. a4 Bxa4 44. Re1 Bb3 45. Qh2 Re8 46. Nf4 Rf6 47. Rg1 Rg8
48. Ree1 Rff8 49. h5 Rg5 50. Ng6 Rg8 51. Rxg5 hxg5 52. Qe5 Qg7 1/2-1/2

[Event "Obro Nytaar 2017"]
[Site "Copenhagen"]
[Date "2017.12.30"]
[Round "7.5"]
[White "Le Besq, Alexander"]
[Black "Christensen, Tobias "]
[Result "0-1"]
[WhiteElo "2057"]
[BlackElo "2357"]
[PlyCount "37"]
[EventDate "2017.12.27"]
[EventType "swiss"]
[EventRounds "7"]
[EventCountry "DEN"]

1. e4 e6 2. d4 d5 3. Nd2 c5 4. c3 Nc6 5. Bb5 cxd4 6. cxd4 dxe4 7. Bxc6+ bxc6 8.
Qc2 Bb7 9. Nb3 Rc8 10. Be3 Bb4+ 11. Kf1 Ba6+ 12. Ne2 Bd3 13. Qd1 Ne7 14. Nbc1
Bb5 15. a3 Bd6 16. b4 Nd5 17. Qb3 O-O 18. Ke1 Qh4 19. Nc3 0-1

[Event "Obro Nytaar 2017"]
[Site "Copenhagen"]
[Date "2017.12.30"]
[Round "7.6"]
[White "Rostgaard, Tobias Valentin"]
[Black "Skonnord, Uno"]
[Result "1-0"]
[WhiteElo "2335"]
[BlackElo "2094"]
[PlyCount "107"]
[EventDate "2017.12.27"]
[EventType "swiss"]
[EventRounds "7"]
[EventCountry "DEN"]

1. d4 Nf6 2. Bf4 c5 3. c3 d5 4. e3 Nc6 5. Nd2 Bf5 6. Ngf3 e6 7. Qb3 Qb6 8. Qxb6
axb6 9. Nh4 Bg6 10. Nxg6 hxg6 11. Bc7 Nd7 12. Nf3 c4 13. a3 b5 14. Rd1 Nf6 15.
h3 Ne4 16. Bh2 Bd6 17. Bxd6 Nxd6 18. Nd2 g5 19. g4 Ke7 20. Bg2 g6 21. e4 dxe4
22. Nxe4 Nxe4 23. Bxe4 Rad8 24. Bg2 Kf6 25. O-O Rd6 26. f4 Rh7 27. Rde1 gxf4
28. Rxf4+ Kg5 29. Rfe4 Rh4 30. Kf2 Kf6 31. Re5 Na7 32. Kg3 Rh8 33. Bxb7 Rb8 34.
Bf3 Nc6 35. Rc5 Na5 36. Ree5 Rdb6 37. g5+ Kg7 38. Rc7 Nb3 39. d5 R6b7 40. Rxb7
Rxb7 41. dxe6 Re7 42. Rxb5 Rxe6 43. Bd5 Re3+ 44. Kf4 Rxh3 45. Bxc4 Rh4+ 46. Kg3
Rxc4 47. Rxb3 Rc5 48. Kf4 Rc4+ 49. Kf3 Rc5 50. a4 Rxg5 51. Rb5 f5 52. a5 Rh5
53. a6 Rh4 54. Ra5 1-0

[Event "Obro Nytaar 2017"]
[Site "Copenhagen"]
[Date "2017.12.30"]
[Round "7.7"]
[White "Brorsen, Jacob Abildlund"]
[Black "Jorgensen, Brian Jorgen"]
[Result "0-1"]
[WhiteElo "2167"]
[BlackElo "2239"]
[PlyCount "62"]
[EventDate "2017.12.27"]
[EventType "swiss"]
[EventRounds "7"]
[EventCountry "DEN"]

1. Nf3 d5 2. g3 Bg4 3. Bg2 Nd7 4. c4 e6 5. cxd5 exd5 6. Nc3 c6 7. O-O Ngf6 8.
Rb1 Bd6 9. d3 O-O 10. b4 a6 11. a4 Re8 12. Re1 Qe7 13. b5 axb5 14. axb5 Bb4 15.
Bd2 c5 16. Qc2 d4 17. Nd1 Bxd2 18. Qxd2 Nb6 19. e3 Bxf3 20. Bxf3 Nfd5 21. Re2
Qf6 22. Bg2 Red8 23. e4 Nb4 24. f4 Ra2 25. Rb2 Ra1 26. Re1 Na4 27. Rxb4 cxb4
28. Qxb4 Nc3 29. Bf3 Qb6 30. e5 Qxb5 31. Qe7 Re8 0-1

[Event "Obro Nytaar 2017"]
[Site "Copenhagen"]
[Date "2017.12.30"]
[Round "7.8"]
[White "Thuesen, Mogens Henrik"]
[Black "Vesterli, Michael E"]
[Result "0-1"]
[WhiteElo "2180"]
[BlackElo "2079"]
[PlyCount "58"]
[EventDate "2017.12.27"]
[EventType "swiss"]
[EventRounds "7"]
[EventCountry "DEN"]

1. d4 Nf6 2. c4 g6 3. Nc3 Bg7 4. e4 d6 5. Be2 O-O 6. Bg5 c5 7. d5 e6 8. Qd2
exd5 9. exd5 Re8 10. h3 a6 11. a4 Qa5 12. Ra3 Qb4 13. Nf3 Qxc4 14. O-O Qb4 15.
a5 b5 16. Bd3 Nbd7 17. Re1 Bb7 18. Bc2 Nxd5 19. Rxe8+ Rxe8 20. Nxd5 Qxd2 21.
Nxd2 Bxd5 22. Rd3 Re1+ 23. Kh2 Bc6 24. Bf4 d5 25. Nf3 Re2 26. Bd1 Re4 27. Bc1
d4 28. Ng5 Be5+ 29. f4 Bxf4+ 0-1

[Event "Obro Nytaar 2017"]
[Site "Copenhagen"]
[Date "2017.12.30"]
[Round "7.9"]
[White "Thybo, Thomas Sondergaard"]
[Black "Bromann, Thorbjorn"]
[Result "0-1"]
[WhiteElo "2088"]
[BlackElo "2385"]
[PlyCount "80"]
[EventDate "2017.12.27"]
[EventType "swiss"]
[EventRounds "7"]
[EventCountry "DEN"]

1. e4 g6 2. d4 Bg7 3. Nc3 d6 4. f4 a6 5. a4 Nc6 6. Be3 Nf6 7. d5 Ng4 8. Bc1 Nb8
9. Be2 Nf6 10. Nf3 c6 11. dxc6 Nxc6 12. Be3 O-O 13. Nd4 Bd7 14. O-O Rc8 15. Kh1
Na5 16. Nf3 Ng4 17. Bd4 e5 18. Bg1 exf4 19. Qxd6 Bxc3 20. bxc3 Ne3 21. Rfd1
Nxd1 22. Rxd1 Be6 23. Qxd8 Rfxd8 24. Rxd8+ Rxd8 25. Bb6 Nc6 26. Bxd8 Nxd8 27.
Nd4 Bd7 28. a5 Nc6 29. Nxc6 Bxc6 30. Bd3 Kf8 31. Kg1 Ke7 32. Kf2 Kf6 33. Kf3
Ke5 34. g3 fxg3 35. hxg3 f5 36. Ke3 Bxe4 37. Bc4 Bxc2 38. Bg8 h6 39. Kd2 Be4
40. Ke3 Bd5 0-1

[Event "Obro Nytaar 2017"]
[Site "Copenhagen"]
[Date "2017.12.30"]
[Round "7.10"]
[White "Lilja, Richard"]
[Black "Haubro, Martin"]
[Result "0-1"]
[WhiteElo "2079"]
[BlackElo "2309"]
[PlyCount "54"]
[EventDate "2017.12.27"]
[EventType "swiss"]
[EventRounds "7"]
[EventCountry "DEN"]

1. e4 c5 2. Nc3 e6 3. f4 d5 4. Bb5+ Nc6 5. Nf3 Nge7 6. O-O d4 7. Ne2 a6 8.
Bxc6+ Nxc6 9. d3 Be7 10. Kh1 O-O 11. a4 Rb8 12. Bd2 b5 13. b3 f5 14. axb5 axb5
15. Ng3 fxe4 16. Nxe4 Qd5 17. Qe2 Bd8 18. Ne5 Ne7 19. Rf3 Bc7 20. Rh3 Bxe5 21.
Qh5 Bf6 22. Nxf6+ Rxf6 23. Qe8+ Rf8 24. Qxe7 Rb7 25. Qh4 g6 26. Re1 Rbf7 27.
Re5 Qxe5 0-1